Practical genetic algorithms - (E-BOOK) (Record no. 191598)

000 -LEADER
fixed length control field 01152 a2200253 4500
003 - CONTROL NUMBER IDENTIFIER
control field Nust
005 - DATE AND TIME OF LATEST TRANSACTION
control field 20170207154019.0
010 ## - LIBRARY OF CONGRESS CONTROL NUMBER
LC control number 2004043360
020 ## - INTERNATIONAL STANDARD BOOK NUMBER
International Standard Book Number 0471455652
040 ## - CATALOGING SOURCE
Transcribing agency Nust
082 00 - DEWEY DECIMAL CLASSIFICATION NUMBER
Classification number 519.62
100 1# - MAIN ENTRY--PERSONAL NAME
Personal name Haupt, Randy L.
245 10 - TITLE STATEMENT
Title Practical genetic algorithms - (E-BOOK)
Statement of responsibility, etc. Randy L. Haupt, Sue Ellen Haupt.
250 ## - EDITION STATEMENT
Edition statement 2nd ed.
260 ## - PUBLICATION, DISTRIBUTION, ETC.
Place of publication, distribution, etc. Hoboken, N.J. :
Name of publisher, distributor, etc. John Wiley,
Date of publication, distribution, etc. c2004.
300 ## - PHYSICAL DESCRIPTION
Extent xvii, 253 p. :
Other physical details ill. ;
Dimensions 24 cm. +
Accompanying material 1 CD-ROM (4 3/4 in.)
505 ## - FORMATTED CONTENTS NOTE
Formatted contents note Introduction To Optimization (Page-1), The Binary Genetic Algorithm(Page-27), The Continuous Genetic Algorithm (Page-51),Basic Applications (Page-67), An Added Level Of Sophistication (Page-95), Advanced Applications (Page-151), More Natural Optimization Algorithms (Page-187).
650 #0 - SUBJECT ADDED ENTRY--TOPICAL TERM
Topical term or geographic name entry element Genetic algorithms.
651 ## - SUBJECT ADDED ENTRY--GEOGRAPHIC NAME
Geographic name E-BOOK
700 1# - ADDED ENTRY--PERSONAL NAME
Personal name Haupt, S. E.
856 42 - ELECTRONIC LOCATION AND ACCESS
Materials specified Contributor biographical information
Uniform Resource Identifier <a href="http://www.loc.gov/catdir/bios/wiley047/2004043360.html">http://www.loc.gov/catdir/bios/wiley047/2004043360.html</a>
856 42 - ELECTRONIC LOCATION AND ACCESS
Materials specified Publisher description
Uniform Resource Identifier <a href="http://www.loc.gov/catdir/description/wiley041/2004043360.html">http://www.loc.gov/catdir/description/wiley041/2004043360.html</a>
856 42 - ELECTRONIC LOCATION AND ACCESS
Materials specified Table of contents
Uniform Resource Identifier <a href="http://www.loc.gov/catdir/toc/wiley041/2004043360.html">http://www.loc.gov/catdir/toc/wiley041/2004043360.html</a>
942 ## - ADDED ENTRY ELEMENTS (KOHA)
Source of classification or shelving scheme
Koha item type Book
Holdings
Withdrawn status Lost status Source of classification or shelving scheme Damaged status Not for loan Collection code Permanent Location Current Location Date acquired Total Checkouts Full call number Barcode Date last seen Price effective from Koha item type
            Military College of Signals (MCS) Military College of Signals (MCS) 12/12/2016   519.62 HAU MCSEB-861 12/08/2016 12/12/2016 Book
© 2023 Central Library, National University of Sciences and Technology. All Rights Reserved.